Indian stock market (Record no. 157654)

MARC details
000 -LEADER
fixed length control field 00607nam a2200229Ia 4500
003 - CONTROL NUMBER IDENTIFIER
control field OSt
005 - DATE AND TIME OF LATEST TRANSACTION
control field 20230330162342.0
008 - FIXED-LENGTH DATA ELEMENTS--GENERAL INFORMATION
fixed length control field 210423s2008 xx 000 0 und d
020 ## - INTERNATIONAL STANDARD BOOK NUMBER
International Standard Book Number 9788174466051
040 ## - CATALOGING SOURCE
Transcribing agency AL
041 ## - LANGUAGE CODE
Language code of text/sound track or separate title eng
082 ## - DEWEY DECIMAL CLASSIFICATION NUMBER
Classification number 332.642 MISB
100 ## - MAIN ENTRY--PERSONAL NAME
Personal name MISHRA (Bishnupriya);DEBASISH (Sathya Swaroop)
9 (RLIN) 80494
245 ## - TITLE STATEMENT
Title Indian stock market
260 ## - PUBLICATION, DISTRIBUTION, ETC.
Place of publication, distribution, etc. New Delhi
Name of publisher, distributor, etc. Excel Books
Date of publication, distribution, etc. 2008
300 ## - PHYSICAL DESCRIPTION
Extent x,209
Other physical details PB
365 ## - TRADE PRICE
Price amount 295
Currency code INR
650 ## - SUBJECT ADDED ENTRY--TOPICAL TERM
Topical term or geographic name entry element Financial Economics
9 (RLIN) 80495
650 ## - SUBJECT ADDED ENTRY--TOPICAL TERM
Topical term or geographic name entry element Investment Management
9 (RLIN) 80496
906 ## - LOCAL DATA ELEMENT F, LDF (RLIN)
a Indian ; market ; stock
942 ## - ADDED ENTRY ELEMENTS (KOHA)
Source of classification or shelving scheme Dewey Decimal Classification
Koha item type Book
Holdings
Withdrawn status Lost status Damaged status Not for loan Collection code Home library Current library Date acquired Source of acquisition Cost, normal purchase price Total Checkouts Full call number Barcode Date last seen Date last checked out Price effective from Koha item type
        M Com St Aloysius PG Library St Aloysius PG Library 01/04/2010 Athulya Books 295.00 1 332.642 MISB PG004130 03/28/2023 03/27/2023 04/26/2021 Book